000 00575nam a22002055i 4500
001 10890
003 ES-MaACL
005 20240526062935.0
007 t|
008 911011s1989 sp ||||0| spa j
020 _a84-86307-26-0
040 _aM-BN
_bspa
_cM-BN
080 _a860-14"19"
100 0 _aDuque Amusco, Alejandro,
_d1949-
_946152
245 1 0 _aSueƱo en el fuego /
_cAlejandro Duque Amusco.
260 _a[Sevilla] :
_bRenacimiento,
_cD.L. 1989.
300 _a71 p ;
_c17 cm.
852 _aES-MaACL
_j2149-F-6
_bR.121939
999 _c10890
_d10890